| 000 | 00890nam a2200241 a 4500 | ||
|---|---|---|---|
| 001 | 2012186 | ||
| 003 | AM-YeHGA | ||
| 005 | 20250617165039.0 | ||
| 008 | 250325s1998 ir ||||r|||||00||0|per|d | ||
| 020 | _a9646337155 | ||
| 040 | _aAM-YeHGA | ||
| 041 | 0 | _aper | |
| 100 | 1 |
_aحسین ، شهیدی مازندرانی _c(بیژن) |
|
| 245 | 1 | 0 |
_aفرهنگ شاهنامه: _bنام کسان و جایها / _c.حسین شهیدی مازندرانی (بیژن) |
| 246 | 3 |
_aFarhang- e Shahnameh : _bPersons & Places |
|
| 250 | _aچاپ نخست | ||
| 260 |
_aتهران : _bنشر بلخ ، وابسته به بنیاد نیشابور, _c1998 [1377]. |
||
| 300 | _a812 p. | ||
| 440 |
_aبنیاد نیشابور _v۵۲ |
||
| 650 | 1 | 4 |
_aPersian Literature _xShahnameh’s Persons & Places |
| 942 |
_2udc _cBK |
||
| 090 | _c573236 | ||
| 999 |
_c533804 _d533804 |
||